les pokemon de la 1g - Statistiques

Statistiques générales
  • Ce quiz a été pris 52 fois
  • Le résultat moyen est 115 sur 151
Statistiques - réponses
Hint Réponse % Correct
plante poison bulbizarre
100%
insect poison aspicot
96%
eau carapuce
96%
insect vol papilusion
96%
electrik pikachu
96%
electrik raichu
96%
normal vol roucool
96%
feu salameche
96%
eau tortank
96%
eau carabaffe
92%
insect chenipan
92%
insect poison coconfort
92%
feu vol dracaufeu
92%
plante poison florizarre
92%
plante poison herbizarre
92%
feu reptincel
92%
normal vol roucarnage
92%
normal vol roucoups
92%
insect chrysacier
88%
insect poison dardargnan
88%
normal evoli
88%
normal fee grodoudou
88%
combat machoc
88%
combat machopeur
88%
psy mew
88%
poison nidoran
88%
normal vol piafabec
88%
roche sol racaillou
88%
normal fee rondoudou
88%
poison abo
85%
psy abra
85%
psy alakazam
85%
eau aquali
85%
poison arbok
85%
feu caninos
85%
dragon draco
85%
spectre poison fantominus
85%
roche sol gravalanch
85%
roche sol grolem
85%
psy kadabra
85%
combat mackogneur
85%
fee melofee
85%
psy mewtwo
85%
plante poison mystherbe
85%
poison sol nidoking
85%
poison sol nidoqueen
85%
poison nidorina
85%
poison nidorino
85%
roche sol onix
85%
feu pyroli
85%
normal vol rapasdepic
85%
normal rattata
85%
normal rattatac
85%
eau psy staross
85%
feu arcanin
81%
dragon vol dracolosse
81%
feu feunard
81%
poison grotadmorv
81%
acier electrik magneti
81%
acier electrik magneton
81%
fee melodelfe
81%
normal miaouss
81%
dragon minidraco
81%
plante poison ortide
81%
eau psykokwak
81%
plante poison rafflesia
81%
spectre poison spectrum
81%
eau stari
81%
eau poison tentacool
81%
eau poison tentacruel
81%
eau akwakwak
77%
vol glace artikodin
77%
spectre poison ectoplasma
77%
vol electrik electhor
77%
feu goupix
77%
insect vol insecateur
77%
insect poison mimitoss
77%
feu ponyta
77%
sol sablaireau
77%
vol feu sulfura
77%
poison tadmorv
77%
sol triopikeur
77%
electrik voltali
77%
plante poison boustiflor
73%
electrik electrode
73%
plante poison empiflor
73%
feu galopa
73%
combat kicklee
73%
eau glace lokhlass
73%
feu magmar
73%
plante insect paras
73%
normal persian
73%
eau ptitard
73%
normal ronflex
73%
sol sabelette
73%
poison smogo
73%
poison smogogo
73%
eau combat tartard
73%
sol taupiqueur
73%
eau tetarte
73%
combat tygnon
73%
electrik voltorbe
73%
plante poison chetiflor
69%
electrik elektek
69%
psy glace lippoutou
69%
poison vol nosferapti
69%
plante insect parasect
69%
eau poissirene
69%
roche sol rhinocorne
69%
insect poison aeromite
65%
normal vol doduo
65%
roche eau kabuto
65%
roche eau kabutops
65%
normal leveinard
65%
eau vol leviator
65%
eau magicarpe
65%
psy fee m.mime
65%
poison vol nosferalto
65%
eau poissoroy
65%
roche vol ptera
65%
roche sol rhinoferos
65%
psy soporifik
65%
normal tauros
65%
roche eau amonistar
62%
roche eau amonita
62%
normal vol canarticho
62%
combat colossinge
62%
normal vol dodrio
62%
psy hypnomade
62%
eau glace lamantine
62%
plante psy noeunoeuf
62%
eau otaria
62%
eau psy ramoloss
62%
eau glace crustabri
58%
combat ferosinge
58%
eau psy flagadoss
58%
normal kangourex
58%
eau kokiyas
58%
plante psy noadkoko
58%
plante saquedeneu
58%
normal porygon
54%
insect scarabrute
54%
eau hypocean
50%
eau hypotrempe
50%
eau krabboss
50%
eau krabby
50%
normal metamorph
50%
sol ossatueur
50%
sol osselait
50%
normal excelangue
38%
Aucun quiz correspondant
Distribution des résultats
% des personnes avec chaque résultat
Percentile par nombre de réponses
Votre historique - résultats
Vous n’avez pas pris ce quiz